000 00728nam a2200205Ii 4500
003 JO-AjNU
008 230605s9999||||xx |||||||||||||| ||und||
040 _aJO-AjNU
_bara
_erda
_cJO-AjNU
041 _aara
050 1 4 _aDT282.S2222 1982
100 3 _aتاليف سعدالله، ابو القاسم,
_eauthor
_97029
245 0 0 _aمنطلقات فكرية
250 _aط2
264 3 1 _aليبيا- تونس: الدار العربية للكتاب، 1982
300 _a243ص
_bيشتمل على فهارس من ص (212-242)
336 _atext
_btxt
_2rdacontent
337 _aunmediated
_bn
_2rdamedia
338 _avolume
_bnc
_2rdacarrier
650 4 _aعالم عربي-ثقافة، الجزائر- حياو فكرية
_97030
999 _aA72
_c3640
_d3640